Statistics for Largest cities in Croatia

Click here to take the quiz!

General Stats

  • This quiz has been taken 37 times
  • The average score is 4 of 5

Answer Stats

Answer % Correct
Zagreb
100%
Split
89%
Zadar
68%
Rijeka
63%
Osijek
37%

Score Distribution

Percentile by Number Answered

Percent of People with Each Score

Your Score History

You have not taken this quiz